| 000 | 00409nam a2200145Ia 4500 | ||
|---|---|---|---|
| 008 | 151021s9999 xx 000 0 und d | ||
| 020 | _a9.7800746331e+012 | ||
| 050 | _aQA297.B82008 | ||
| 245 | _a_Numerical Methods E Balagurusamy | ||
| 260 | _aNew Delhi Tata McGraw-Hill 2008 | ||
| 300 | _axvi,608p. | ||
| 500 | _aincludes index. | ||
| 650 | _a_Numericals Methods | ||
| 980 | _a^d20110118 02:59:10^oanne | ||
| 999 |
_c6118 _d6118 |
||